Song Lyrics 1960's - Statistics

General Stats
  • This quiz has been taken 116 times
  • The average score is 5 of 15
Answer Stats
Song Lyric Answer % Correct
"Gotta have a friend in Jesus..." Spirit In The Sky (Norman Greenbaum)
65%
"I left my home in Georgia..." Sitting On The Dock Of The Bay (Otis Redding)
62%
"The time to hesitate is through.." Light My Fire (Doors)
61%
"One pill makes you larger..." White Rabbit (Jefferson Airplane)
59%
"A goddess on a mountain top..." Venus (Shocking Blue)
55%
"Going to the candidates' debate.." Mrs Robinson (Simon & Garfunkel)
44%
"Terry meets Julie..." Waterloo Sunset (Kinks)
39%
"Monday mornin' feels so bad..." Friday On My Mind (Easybeats)
33%
"Late of Pablo Fanques Fair..." Being For The Benefit Of Mr Kite (Beatles)
24%
"They've got no room for ravers..." Lazy Sunday (Small Faces)
23%
"My name is Bill, and I'm a head case..." I'm A Boy (Who)
20%
"Jennifer Eccles had terrible freckles..." Lily The Pink (The Scaffold)
20%
"Moonshine washing line..." Arnold Layne (Pink Floyd)
16%
"Twenty six dollars in my hand..." I'm Waiting For The Man (Velvet Underground)
14%
"A butterfly child so free and so wild..." Jesamine (Casuals)
9%
No matching quizzes found
Score Distribution
Percent of People with Each Score
Percentile by Number Answered
Your Score History
You have not taken this quiz